| 000 | 00930nam a22002651u 4500 | ||
|---|---|---|---|
| 001 | 05072 | ||
| 003 | HDC | ||
| 007 | cr bn ---aaaaa | ||
| 008 | 210118p2014 ne o d 00 engg | ||
| 040 | _aHDC | ||
| 245 | 0 |
_aIslamic Branding: The Understanding and Perception / by _cY.L Mohd Yusof, W.J. Wan Jusoh |
|
| 260 |
_aAmsterdam, Netherlands : _bElsevier Ltd., _c2014 |
||
| 300 | _a 1 online resource (7 pages) | ||
| 336 |
_atext _2rdacontent |
||
| 337 |
_acomputer _2rdamedia |
||
| 338 |
_aonline resource _2rdacarrier |
||
| 650 |
_aIslamic branding _9288 |
||
| 650 |
_aIslamic marketing _9192 |
||
| 700 |
_aMohd Yusof, Y.L. _eauthor _919806 |
||
| 700 |
_aWan Jusoh, W. J. _eauthor _95303 |
||
| 856 | _zRequest full-text at [email protected] | ||
| 942 | _2lcc | ||
| 942 | _cCONP | ||
| 942 | _kJART 001270 | ||
| 999 |
_c2396 _d2396 |
||